000 03380cam a22006974i 4500
003 PE-LiUPU
005 20250731170455.0
008 150706s2009 mx a rb 000 0 spa d
020 _a9701068890
020 _a9789701068892
035 _a(Sirsi) i9789701068892
040 _aPE-LiUPU
_bspa
_cPE-LiUPU
_dPE-LiUPU
_erda
049 _aPRUA
082 0 4 _a155.54
_bP25
_220
100 1 _aPapalia, Diane E.,
_eautor.
245 1 0 _aPsicología del desarrollo :
_bde la infancia a la adolescencia /
_cDiane E. Papalia, Sally Wendkos Olds, Ruth Duskin Feldman ; tr. Susana Margarita Olivares Bari, Gloria Estela Padilla Siarra.
250 _a11a edición.
264 1 _aMéxico :
_bMcGrawHill,
_c2009.
300 _a547 páginas :
_bilustraciones ;
_c27 centímetros
336 _atext
_2rdacontent
337 _aunmediated
_2rdamedia
338 _avolume
_2rdacarrier
504 _aBibliografía: páginas [1]-[75].
505 0 _aIngreso al mundo de los niños -- Estudio del mundo de los niños -- El mundo de los niños: ¿Cómo lo descubrimos? -- Inicios -- Formación de una nueva vida: Concepción, herencia y ambiente -- Embarazo y desarrollo -- Nacimiento y el bebé recién nacido -- Lactancia y primera infancia -- Desarrollo físico y salud durante los primeros tres años -- Desarrollo cognitivo durante los primeros tres años -- Desarrollo psicosocial durante los primeros tres años -- Segunda infancia: desarrollo físico y salud en la segunda infancia -- Desarrollo cognitivo en la segunda infancia -- Desarrollo psicosocial en la segunda infancia -- Adolescencia -- Desarrollo físico y salud en la adolescencia -- Desarrollo cognitivo en la adolescencia -- Desarrollo psicosocial en la adolescencia.
526 _aSEG68
526 _aSEG70
526 _aSEG69
526 _aSEG67
526 _aSEG43
526 _aP144
526 _aP143
526 _aP131
526 _aP122
526 _aP120
526 _aP117
526 _aP112
526 _aP110
526 _aP106
526 _aP101
526 _aP80
526 _aP59
526 _aP54
526 _aP35
526 _aP33
526 _aP30
541 _g045-0004388;
541 _g045-0004388;
541 _g0021-0002811;
650 0 4 _aPsicología infantil.
700 1 _aOlds, Sally Wendkos,
_eautor.
700 1 _aFeldman, Ruth Duskin,
_eautor.
700 1 _aOlivares Bari, Susana Margarita,
_etraductor.
700 1 _aPadilla Sierra, Gloria,
_etraductor.
910 _agl
_bjv
_cng
_d20121214
942 _2ddc
_cBOOK
994 _aC0
_bPEPRU
596 _a1
999 _a155.54 P25
_wDEWEY
_c54371
_i66008
_d54371
_e2019-9-9
_f2021-11-3
_g5
_lCCODEBUL1
_mBUL
_n35
_p33.00
_q15
_r0
_sY
_tBOOK
_u2015-7-6
_xSALUD
_PP33
_0COMPRA
_o.STAFF. Colección Ciencias de la Salud
999 _a155.54 P25
_wDEWEY
_c2
_i66009
_d2019-8-22
_e2019-5-21
_f2021-11-3
_g6
_lCCODEBUL1
_mBUL
_n48
_p33.00
_q12
_r0
_sY
_tBOOK
_u2015-7-6
_xSALUD
_PP33
_0COMPRA
_o.STAFF. Colección Ciencias de la Salud
999 _a155.54 P25
_wDEWEY
_c3
_i74994
_d2022-5-12
_e2022-5-11
_f2021-11-3
_g2
_lCCODEBUL1
_mBUL
_n1
_p50.31
_r0
_sY
_tBOOK
_u2020-1-6
_xSALUD
_PP33
_0COMPRA
_o.STAFF. Colección Ciencias de la Salud
980 _81
_gALBERTO SANCHEZ Responsable de Automatización